Normal view
MARC view
Entry Personal Name
001 - CONTROL NUMBER
- control field: 45637
003 - CONTROL NUMBER IDENTIFIER
- control field: dpl
005 - DATE AND TIME OF LATEST TRANSACTION
- control field: 20120424115904.0
008 - FIXED-LENGTH DATA ELEMENTS
- fixed length control field: 120424|||a|||||| | ||| d
040 ## - CATALOGING SOURCE
- Original cataloging agency: dpl
- Transcribing agency: dpl
100 ## - HEADING--PERSONAL NAME
- Personal name: Pandey, I.M.
670 ## - SOURCE DATA FOUND
- Source citation: Work cat.: (dpl): Pandey, I.M., essentials of financial management /, 2011
670 ## - SOURCE DATA FOUND
- Source citation: Work cat.: (dpl): Pandey, I.M., essentials of financial management /, 2011
